000 00953nam a22002175i 4500
001 54580
003 ES-MaACL
005 20230906162959.0
007 t|
008 960703s1894 sp ||||1| spa d
040 _aCAM
_bspa
_cCAM
100 1 _aFreyre y Cisneros, Octavio.
_952572
245 1 0 _aLesiones patológicas más frecuentes del higado en la Isla de Cuba
_b: tesis del doctorado en medicina leída y sostenida el dia 27 de junio de 1891 ante el tribunal ... /
_cpor Octavio Freyre y Cisneros.
260 _aMadrid :
_b[s.n.],
_c1894 (
_fEscuela Tipográfica del Hospicio)
300 _a33 p. ;
_c24 cm.
502 _aTesis--Universidad Central de Madrid.
530 _aDisponible en formato digital.
650 4 _aHígado-
_xEnfermedades.
_9136251
852 _aES-MaACL
_jT-856-F-11
_z.- Enc. en un vol. facticio conservando la enc. original
856 _uhttp://bdh-rd.bne.es/viewer.vm?id=0000108221&page=1
_zBiblioteca Digital Hispánica
999 _c54580
_d54580